100 clics - Banlieue de Lille, Bordeaux, Toulouse, Lyon ou Marseille ? - Statistiques

Statistiques générales
  • Ce quiz a été pris 489 fois
  • Le résultat moyen est 55 sur 100
Statistiques - réponses
Hint Réponse % Correct
Aix-en-Provence Marseille
88%
Roubaix Lille
85%
Tourcoing Lille
82%
Wasquehal Lille
82%
Wattrelos Lille
81%
Wattignies Lille
81%
Sainte-Foy-lès-Lyon Lyon
81%
Villeurbanne Lyon
79%
Villefranche-sur-Saône Lyon
77%
Martigues Marseille
77%
Fos-sur-Mer Marseille
77%
Bègles Bordeaux
74%
Aubagne Marseille
73%
Pessac Bordeaux
72%
Vénissieux Lyon
70%
Vaulx-en-Velin Lyon
70%
Châteauneuf-les-Martigues Marseille
70%
Mérignac Bordeaux
69%
Loos Lille
69%
Castanet-Tolosan Toulouse
68%
Hem Lille
67%
Marignane Marseille
67%
Le Taillan-Médoc Bordeaux
65%
Marcq-en-Barœul Lille
65%
Saint-Priest Lyon
65%
Bron Lyon
65%
Villeneuve-Tolosane Toulouse
65%
Villeneuve-d'Ascq Lille
64%
Istres Marseille
64%
Roncq Lille
63%
Décines-Charpieu Lyon
63%
Mons-en-Barœul Lille
62%
Talence Bordeaux
61%
Floirac Bordeaux
60%
Haubourdin Lille
58%
Caluire-et-Cuire Lyon
58%
Colomiers Toulouse
58%
Rillieux-la-Pape Lyon
57%
Vitrolles Marseille
57%
Blagnac Toulouse
57%
Lambersart Lille
56%
Meyzieu Lyon
56%
Portet-sur-Garonne Toulouse
56%
Halluin Lille
55%
Port-de-Bouc Marseille
55%
Cenon Bordeaux
54%
Léognan Bordeaux
54%
Faches-Thumesnil Lille
54%
Muret Toulouse
54%
Castelginest Toulouse
54%
Saint-Médard-en-Jalles Bordeaux
53%
Givors Lyon
53%
Écully Lyon
53%
Balma Toulouse
53%
Lormont Bordeaux
52%
Tassin-la-Demi-Lune Lyon
52%
Saint-Genis-Laval Lyon
52%
Gradignan Bordeaux
51%
Saint-André-de-Cubzac Bordeaux
51%
Ronchin Lille
51%
Saint-Fons Lyon
51%
Ramonville-Saint-Agne Toulouse
51%
Lys-lez-Lannoy Lille
50%
Oullins Lyon
50%
Miramas Marseille
50%
Tournefeuille Toulouse
50%
Cestas Bordeaux
49%
Villenave-d'Ornon Bordeaux
48%
Le Haillan Bordeaux
48%
Plan-de-Cuques Marseille
48%
Francheville Lyon
47%
Le Bouscat Bordeaux
46%
Les Pennes-Mirabeau Marseille
46%
Blanquefort Bordeaux
45%
Croix Lille
45%
Mouvaux Lille
45%
Bruges Bordeaux
44%
Plaisance-du-Touch Toulouse
44%
L'Union Toulouse
44%
Gardanne Marseille
43%
Cugnaux Toulouse
42%
Launaguet Toulouse
42%
Berre-l'Étang Marseille
41%
Saint-Orens-de-Gameville Toulouse
41%
Eysines Bordeaux
40%
Ambarès-et-Lagrave Bordeaux
40%
Aucamville Toulouse
40%
La Madeleine Lille
39%
Genas Lyon
39%
Bouc-Bel-Air Marseille
39%
Septèmes-les-Vallons Marseille
38%
Fonsorbes Toulouse
37%
Auriol Marseille
36%
Mions Lyon
33%
Seysses Toulouse
32%
Frouzins Toulouse
32%
Allauch Marseille
31%
Léguevin Toulouse
30%
Trets Marseille
23%
Rognac Marseille
17%
Aucun quiz correspondant
Distribution des résultats
% des personnes avec chaque résultat
Percentile par nombre de réponses
Votre historique - résultats
Vous n’avez pas pris ce quiz